000 00737nam a2200265Ia 4500
003 OSt
005 20221006160233.0
006 a|||||r|||| 00| 0
007 ta
008 221006b |||||||| |||| 00| 0 chi d
020 _a9788990620330
_cW50,000
024 _a44,705
037 _cAnnuals, Advances
040 _aEASL
_cEASL
_bchi
041 _2chi
_achi
082 _aN495vN10, P7
100 _aLee Nan-young, etc. Ed.
_9672579
245 0 _aRoyal tombs of the Joseon Dynastry
_b Legacies of elegance
260 _aSeoul
_bNulwa
_c2007
300 _a284p.
_ccm.
490 _v KEL
650 _aKEL
942 _hN495vN10, P7
_cREF
_2CC
999 _c1112797
_d1112797